Visualizzazione normale
Vista MARC
- Granata Elena (et al.)
di Personal Name
Records bibliografici associati: 1
001 - CONTROL NUMBER
- control field: 61465
003 - CONTROL NUMBER IDENTIFIER
- control field:
005 - DATE AND TIME OF LATEST TRANSACTION
- control field: 20250205122828.0
008 - FIXED-LENGTH DATA ELEMENTS
- fixed length control field: 250205|| aca||aabn | a|a d
040 ## - CATALOGING SOURCE
- Original cataloging agency:
- Transcribing agency:
100 ## - HEADING--PERSONAL NAME
- Personal name: Granata Elena (et al.)
670 ## - SOURCE DATA FOUND
- Source citation: Work cat.: ()360382: Granata Elena (et al.), La povertà abitativa in una Milano sempre più cara, 2025